Comparing of fertilizer on ohillipepper crop in royal universityof agriculture ការប្រៀបធៀបលើដំណាំមេ្ទសក្នុងលក្ខ័ខណ្ធ័សាកលវិទ្យាល័យភូមិន្នកសិកម្ម (Record no. 424)

000 -LEADER
fixed length control field 00638nam a22001577a 4500
003 - CONTROL NUMBER IDENTIFIER
control field OSt
005 - DATE AND TIME OF LATEST TRANSACTION
control field 20150914105401.0
008 - FIXED-LENGTH DATA ELEMENTS--GENERAL INFORMATION
fixed length control field 150914b xxu||||| |||| 00| 0 eng d
040 ## - CATALOGING SOURCE
Transcribing agency RUA
082 ## - DEWEY DECIMAL CLASSIFICATION NUMBER
Edition number AGR LOU 2001 B023 Or.1
100 ## - MAIN ENTRY--PERSONAL NAME
9 (RLIN) 444
Personal name LOU, LYKHEAN.
245 ## - TITLE STATEMENT
Title Comparing of fertilizer on ohillipepper crop in royal universityof agriculture ការប្រៀបធៀបលើដំណាំមេ្ទសក្នុងលក្ខ័ខណ្ធ័សាកលវិទ្យាល័យភូមិន្នកសិកម្ម
260 ## - PUBLICATION, DISTRIBUTION, ETC. (IMPRINT)
Place of publication, distribution, etc. Phnom Penh
Name of publisher, distributor, etc. RUA
Date of publication, distribution, etc. 2001
300 ## - PHYSICAL DESCRIPTION
Extent III, 65p.
Other physical details ill.
Dimensions 29cm.
942 ## - ADDED ENTRY ELEMENTS (KOHA)
Source of classification or shelving scheme
Koha item type AGR

No items available.

មជ្ឈមណ្ឌលឯការនៃសាកលវិទ្យាល័យភូមិន្ទកសិកម្មចំការដូង

Powered by Koha